000 01179nam a2200325 i 4500
001 67501
003 ES-MaACL
005 20250910213743.0
007 t|
008 040601s2003 sp ||||0| spa d
020 _a84-350-2649-3
080 _a929 Prat de la Riba, Enric :32
080 _a929 Cambó, Francesc :32
080 _a929 Ors, Eugenio d':32
080 _a323.17(460.23)"18/19"
100 1 _aUcelay Da Cal, Enric.
_9111851
245 1 3 _aEl imperialismo catalán
_b: Prat de la Riba, Cambó, D'Ors y la conquista moral de España /
_cEnric Ucelay-Da Cal.
250 _a1ª ed.
260 _aBarcelona :
_bEdhasa,
_c2003.
300 _a1097 p., [32] p. de lám. ;
_c23 cm.
490 1 _aEnsayo histórico
504 _aReferencias bibliográficas.
600 1 4 _aPrat de la Riba, Enric,
_d1870-1917-
_xPensamiento político
_993675
600 1 4 _aCambó, Francesc,
_d1876-1947-
_xPensamiento político
_934033
600 0 4 _aOrs, Eugenio d',
_d1881-1954-
_xPensamiento político
_987362
650 4 _aNacionalismo-
_zCataluña-
_xHistoria.
_915443
830 1 _aEnsayo histórico
_9181946
852 _aES-MaACL
_jL-27762
999 _c67501
_d67501